| 000 | 00773nas a22002177a 4500 | ||
|---|---|---|---|
| 005 | 20260602145450.0 | ||
| 008 | 260602b20112015porbr|j|||||| 00| z por d | ||
| 040 | _cBR-ViAPE | ||
| 245 | _aTurismoEServiços | ||
| 260 |
_aVitória _c2011-2015 |
||
| 300 |
_av. _bil. |
||
| 310 | _aBimensal | ||
| 362 | _aAno 4, n. 29 (nov. dez. 2011) - ano 8, n. 43 (jan. fev. 2015). | ||
| 500 | _aDisponibilizada apenas a imagem da capa na versão digital, em virtude de restrições de direitos autorais. | ||
| 500 | _aColeção incompleta: disponíveis apenas alguns números do periódico. | ||
| 650 |
_aTurismo _xViagens _xEventos _zEspírito Santo |
||
| 651 |
_aEspírito Santo (Brasil) _vPeriódico |
||
| 700 |
_aQueiroz, Amália _eDiretor |
||
| 942 |
_2ddc _cPER _n1 |
||
| 999 |
_c761 _d761 |
||